000 00525nam a2200193Ia 4500
999 _c34533
_d34533
003 OSt
005 20200907111234.0
008 190216s9999||||xx |||||||||||||| ||und||
020 _a9788131715536
040 _coclc
082 _a530
_bHEW/C
100 _aHewitt, Paul G
_94463
245 0 _aConceptual Physics /
_cPaul G Hewitt
250 _a10th Ed.
260 _bPearson Education Asia,
_c2012.
_aNew Delhi:
300 _a788p
650 _aPhysics
942 _cBK
_2ddc
_h530
_iHEW/C
_k530
_mHEW/C